000 00436nam a22001457a 4500
008 250522b |||||||| |||| 00| 0 eng d
020 _a9788-9784998802
050 _aHB616
_b.I58
100 _aNzelibe, Chineto Grace
245 _aintroduction to entrepreneurship studies
_bTheory and practical Application
260 _aKaduna
_bJoyce graphic printers & publishers
300 _ax, 275
_bill
650 _aentrepreneurship
942 _cBK
999 _c3628
_d3628